000 00627nam a2200241 a 4500
001 BRCA_7463
005 20190320205839.0
008 120413s1900----gw-a######---#000-0#ger-#
041 _ager
044 _agw
050 4 _aPT2583
_b.W65 1900
100 1 _aWolff, Julius
_918374
245 1 0 _aLurlei
_cJulius Wolff ; il. von P. Grot Johann.
250 _a3
260 _aBerlín
_bG. Grote´sche
_c1900
300 _a166 p.
_bil., 8 láminas
500 _aEdición con cantos dorados
500 _aQ220
650 1 4 _aLiteratura Alemana
_96160
700 1 _aGrot Johann, P.
_eil.
_918375
902 _aGFM
942 _2lcc
_cB
999 _c7139
_d7139